Informes del síndico concursal (Registro nro. 751)
[ vista simple ]
| 000 -LEADER | |
|---|---|
| fixed length control field | 01215 a2200217 4500 |
| 001 - CONTROL NUMBER | |
| control field | 20914 |
| 005 - DATE AND TIME OF LATEST TRANSACTION | |
| control field | 20260407155500.0 |
| 008 - FIXED-LENGTH DATA ELEMENTS--GENERAL INFORMATION | |
| fixed length control field | 260407a2011 arg spa d |
| 003 - CONTROL NUMBER IDENTIFIER | |
| control field | AR-UNSa-BCEJYS |
| 040 ## - CATALOGING SOURCE | |
| Original cataloging agency | AR-UNSa-BCEJYS |
| Language of cataloging | spa |
| Transcribing agency | AR-UNSa-BCEJYS |
| 080 ## - UNIVERSAL DECIMAL CLASSIFICATION NUMBER | |
| Universal Decimal Classification number | 347.736 |
| Common auxiliary subdivision | Quiebra. Insolvencia. Suspensión de pagos. Bancarrota, procedimientos. Derecho Concursal |
| 020 ## - INTERNATIONAL STANDARD BOOK NUMBER | |
| International Standard Book Number | 978-950-508-937-6 |
| 100 1# - MAIN ENTRY--PERSONAL NAME | |
| Personal name | Casadío Martínez, Claudio Alfredo |
| 245 10 - TITLE STATEMENT | |
| Title | Informes del síndico concursal |
| Name of part/section of a work | Auditoría. Situación laboral del concursado. Informes mensual de gestión, individual, general y final. Proyecto de distribución. Continuación de la empresa. Publicidad. Modelos de escritos y dictámenes |
| 264 #1 - PRODUCTION, PUBLICATION, DISTRIBUTION, MANUFACTURE, AND COPYRIGHT NOTICE | |
| Place of production, publication, distribution, manufacture | Buenos Aires : |
| Name of producer, publisher, distributor, manufacturer | Astrea |
| Date of production, publication, distribution, manufacture, or copyright notice | 2011 |
| 300 ## - PHYSICAL DESCRIPTION | |
| Extent | xxiv, 391 p. |
| Dimensions | 23 cm. |
| 505 ## - FORMATTED CONTENTS NOTE | |
| Formatted contents note | 1. Los informes ordenados en la resolución de apertura - 2. Informe individual - 3. Informe general - 4. Informes sobre la continuación de la explotación de la empresa fallida - 5. Informe final y proyecto de distribución |
| 590 ## - LOCAL NOTE (RLIN) | |
| Local note | niveau_biblio:m niveau_hierar:0 |
| 856 41 - ELECTRONIC LOCATION AND ACCESS | |
| Uniform Resource Identifier | <a href="https://biblioeco.unsa.edu.ar/pmb/images/libros/Informes%20del%20Sindico%20Concursal.jpg">https://biblioeco.unsa.edu.ar/pmb/images/libros/Informes%20del%20Sindico%20Concursal.jpg</a> |
| Link text | Imagen de portada |
| Electronic format type | image/jpeg |
| 942 ## - ADDED ENTRY ELEMENTS (KOHA) | |
| Koha item type | |
| Withdrawn status | Lost status | Damaged status | Not for loan | Home library | Current library | Shelving location | Date acquired | Total checkouts | Full call number | Barcode | Date last seen | Price effective from | Koha item type | Public note |
|---|---|---|---|---|---|---|---|---|---|---|---|---|---|---|
| Biblioteca Prof. Eusebio Cleto del Rey | Biblioteca Prof. Eusebio Cleto del Rey | 07/04/2026 | 347.736 C334 | L119153 | 07/04/2026 | 07/04/2026 | Libro | CANTO MANCHADO LEVE - ÍNDICE C/ LÁPIZ LEVE | ||||||
| Biblioteca Prof. Eusebio Cleto del Rey | Biblioteca Prof. Eusebio Cleto del Rey | 07/04/2026 | 347.736 C334 | L119154 | 07/04/2026 | 07/04/2026 | Libro | CANTO MANCHADO | ||||||
| Biblioteca Prof. Eusebio Cleto del Rey | Biblioteca Prof. Eusebio Cleto del Rey | 07/04/2026 | 347.736 C334 | L126063 | 07/04/2026 | 07/04/2026 | Libro | ÍNDICE MANCHADO - PÁG. 222 A 228 SUBRAYADO C/ LÁPIZ - CANTO LATERAL MANCHADO - 1RA HOJA MANCHADA | ||||||
| Biblioteca Prof. Eusebio Cleto del Rey | Biblioteca Prof. Eusebio Cleto del Rey | 07/04/2026 | 347.736 C334 | L126064 | 07/04/2026 | 07/04/2026 | Libro | |||||||
| Biblioteca Prof. Eusebio Cleto del Rey | Biblioteca Prof. Eusebio Cleto del Rey | 07/04/2026 | 347.736 C334 | L126065 | 07/04/2026 | 07/04/2026 | Libro | CANTO MANCHADO LEVE |